000
00200nam a22000977a 4500
082
_a
894.812.3
_b
PUL/K
100
_a
PULIKUNNU, JOHNSON
245
_a
KADARUMAZAM
650
_a
MALAYALAM STORY
942
_c
BK
999
_c
7726
_d
7726